000 00532 a2200169 4500
001 066698
003 OSt
005 20211006111715.0
008
082 _a515.35
_bH61D
100 1 _aHirsch, Morris W.
245 1 _aDifferential equation and Dynamical Systems
_cby Morris W. Hirsch
260 _aBostan
_bElsevier/Academic Press
_c2004
300 _a417p.
690 _aAlgebras, Linear; Chaotic behavior in systems; Differential equations; Differentiable dynamical systems
942 _2ddc
_cBK
999 _c713
_d713